000 00606nam a22002177a 4500
003 OSt
005 20170207192255.0
008 140626b xxu||||| |||| 00| 0 eng d
020 _a0-7484-0627-1
040 _c040a
082 _220
_a530.4 ORE 2002
100 _aO'Reilly, Eoin P.
_910
245 _aQuantum Theory of Solids
260 _aLondon;
_bTaylor and Francis,
_c2002
300 _axii,250 p.:
_bill ;
_c24 cm.
504 _aIncludes bibliographical references and indexes
650 _aQuantum physics
_919
650 _aSolid state physics
_9376
856 _ywww.tandf.co.uk
942 _2ddc
_cBOOK
999 _c6
_d6